Triniá [ (Record no. 174914)
[ view plain ]
| 000 -LEADER | |
|---|---|
| campo de control de longitud fija | 01087ncm a2200301 i 4500 |
| 001 - NÚMERO DE CONTROL | |
| campo de control | 174914 |
| 003 - IDENTIFICADOR DE NÚMERO DE CONTROL | |
| campo de control | ES-MaACL |
| 005 - FECHA Y HORA DE LA ÚLTIMA TRANSACCIÓN | |
| campo de control | 20231106211037.0 |
| 007 - CAMPO FIJO DE DESCRIPCIÓN FÍSICA--INFORMACIÓN GENERAL | |
| campo de control de longitud fija | q| |
| 008 - DATOS DE LONGITUD FIJA--INFORMACIÓN GENERAL | |
| campo de control de longitud fija | 100701q1930 fr ||| fre d |
| 080 ## - NÚMERO DE LA CLASIFICACIÓN DECIMAL UNIVERSAL | |
| Número de la Clasificación Decimal Universal | 78.085 |
| 100 1# - ENTRADA PRINCIPAL--NOMBRE DE PERSONA | |
| Nombre de persona | López-Quiroga, Manuel. |
| 9 (RLIN) | 143186 |
| 245 10 - MENCIÓN DEL TÍTULO | |
| Título | Triniá [ |
| Medio | Música impresa] |
| Resto del título | : paso doble / |
| Mención de responsabilidad, etc. | musique, Quiroga ; paroles espagnoles, Valverde y León ; paroles françaises, Maurice Peguy. |
| 246 3# - FORMA VARIANTE DEL TITULO | |
| Título propio/Titulo breve | Triniá : |
| Resto del título | chanson pasodoble du film "María de la O" |
| 260 ## - PUBLICACIÓN, DISTRIBUCIÓN, ETC. | |
| Lugar de publicación, distribución, etc. | Paris : |
| Nombre del editor, distribuidor, etc. | Julio Garzon, |
| Fecha de publicación, distribución, etc. | [ca. 1930] ( |
| Fabricante | Imp. Rolland) |
| 300 ## - DESCRIPCIÓN FÍSICA | |
| Extensión | [4] p. : |
| Otras características físicas | il., partitura ; |
| Dimensiones | 27 cm. |
| 490 1# - MENCIÓN DE SERIE | |
| Mención de serie | Derniers succès |
| 650 #4 - PUNTO DE ACCESO ADICIONAL DE MATERIA--TÉRMINO DE MATERIA | |
| Término de materia o nombre geográfico como elemento de entrada | Pasodobles. |
| 9 (RLIN) | 174730 |
| 650 #4 - PUNTO DE ACCESO ADICIONAL DE MATERIA--TÉRMINO DE MATERIA | |
| Término de materia o nombre geográfico como elemento de entrada | Canción española. |
| 9 (RLIN) | 174731 |
| 650 #4 - PUNTO DE ACCESO ADICIONAL DE MATERIA--TÉRMINO DE MATERIA | |
| Término de materia o nombre geográfico como elemento de entrada | Canciones- |
| Subdivisión de forma | Partituras. |
| 9 (RLIN) | 10721 |
| 700 1# - ENTRADA AGREGADA--NOMBRE PERSONAL | |
| Nombre de persona | Valverde, Salvador. |
| 9 (RLIN) | 113016 |
| 700 1# - ENTRADA AGREGADA--NOMBRE PERSONAL | |
| Nombre de persona | León, Rafael de, |
| Fechas asociadas al nombre | 1908-1982 |
| 9 (RLIN) | 71595 |
| 700 1# - ENTRADA AGREGADA--NOMBRE PERSONAL | |
| Nombre de persona | Molina, Miguel de. |
| 9 (RLIN) | 81898 |
| 830 1# - PUNTO DE ACCESO ADICIONAL DE SERIE-TÍTULO UNIFORME | |
| Título uniforme | Derniers succès |
| 9 (RLIN) | 223814 |
| 852 4# - LOCALIZACIÓN | |
| Ubicación | ES-MaACL |
| Número de control de estantería | 2279-F-10 |
| Nota libre | - Biblioteca Jacinto Martínez Lacalle |
| 942 ## - ELEMENTOS DE ENTRADA SECUNDARIOS (KOHA) | |
| Fuente del sistema de clasificación o colocación | Clasificación decimal universal |
| Estatus retirado | Estado de pérdida | Fuente del sistema de clasificación o colocación | Estado de daño | No para préstamo | Colección | Biblioteca de origen | Biblioteca actual | Ubicación en estantería | Fecha de adquisición | Total de préstamos | Signatura topográfica completa | Código de barras | Visto por última vez | Precio de reemplazo | Tipo de ítem Koha |
|---|---|---|---|---|---|---|---|---|---|---|---|---|---|---|---|
| Clasificación decimal universal | Colección de folletos | Biblioteca del Ateneo de Madrid | Biblioteca del Ateneo de Madrid | Depósito folletos | 01/07/2010 | 2279-F-10 | 1183648 | 23/02/2023 | 23/02/2023 | Folleto |
